00470nam a22001572 4500001001100000005001700011008004100028020002700069040001500096100003200111245004400143250001300187260005500200300001800255650003900273000000710920151217152022.0071117s xx 000 0 eng d a1403948373 :cKES 3750 aKABUcKABU1 aPilbeam, Keith.@000015253110aInternational finance /cKeith Pilbeam. a3rd ed. aBasingstoke, England :bPalgrave Macmillan,c2006. axxvi, 497 p. 0aInternational finance.@0000149975